Retos y opurtunidades para la transposición de la Directiva de Servicios. (Record no. 173567)

MARC details
000 -LEADER
campo de control de longitud fija 00614nam a22001695i 4500
001 - NÚMERO DE CONTROL
campo de control 173567
003 - IDENTIFICADOR DE NÚMERO DE CONTROL
campo de control ES-MaACL
005 - FECHA Y HORA DE LA ÚLTIMA TRANSACCIÓN
campo de control 20230906215257.0
008 - DATOS DE LONGITUD FIJA--INFORMACIÓN GENERAL
campo de control de longitud fija 091209s2009 sp |||| | spa d
080 ## - NÚMERO DE LA CLASIFICACIÓN DECIMAL UNIVERSAL
Número de la Clasificación Decimal Universal 342.721(4-672 UE)
245 00 - MENCIÓN DEL TÍTULO
Título Retos y opurtunidades para la transposición de la Directiva de Servicios.
260 ## - PUBLICACIÓN, DISTRIBUCIÓN, ETC.
Lugar de publicación, distribución, etc. Madrid :
Nombre del editor, distribuidor, etc. Círculo de Empresarios,
Fecha de publicación, distribución, etc. [2009]
300 ## - DESCRIPCIÓN FÍSICA
Extensión 495 p. ;
Dimensiones 22 cm.
500 ## - NOTA GENERAL
Nota general En port.: Libro Marrón, Madrid, octubre 2009. Edición patrocinada por BBVA.
650 14 - PUNTO DE ACCESO ADICIONAL DE MATERIA--TÉRMINO DE MATERIA
Término de materia o nombre geográfico como elemento de entrada Libertad de establecimiento y servicios (Derecho comunitario)
9 (RLIN) 141756
852 ## - LOCALIZACIÓN
Ubicación ES-MaACL
Número de control de estantería C-39589
Holdings
Estatus retirado Estado de pérdida Estado de daño No para préstamo Biblioteca de origen Biblioteca actual Ubicación en estantería Fecha de adquisición Fuente de adquisición Total de préstamos Signatura topográfica completa Código de barras Visto por última vez Precio de reemplazo Tipo de ítem Koha
        Biblioteca del Ateneo de Madrid Biblioteca del Ateneo de Madrid Depósito 2 09/12/2009     C-39589 1182146 23/02/2023 23/02/2023 Libro impreso